LEADER 01061nam a2200289 i 4500 001 000000155212 003 CaOOAMICUS 005 20061103000000.0 008 061103s1992 it u000 u ita u 013 $a132561 020 $a88-7063-133-8 040 $aSeMil$bita 100 1 $aPraz, Mario,$d<1896-1982>.$0(OLS)http://semarc/name/89995 245 10$aPenisola pentagonale /$cMario Praz. 260 $aTorino :$bEDT,$c1992. 300 $aXVI, 156 p. ;$c23 cm. 490 0 $aViaggi e avventura ;$v6 500 $aFondo Ciprandi. 650 4$aSpagna - Descrizioni e viaggi.$0(OLS)http://semarc/subject/5906 830 0$aViaggi e avventura ;$v6.$0(OLS)http://semarc/title/22173 850 $aSeMil 852 $aSeMil$W1$xVenegono$y1$m1D V 159$j107049$B107049$CSeMilBibl$Z2$F116374 $81 941 1 $a1 961 $aOmaggio: Ciprandi dott. Paolo 996 $6020$a88-7063-133-8$9(OLS)http://semarc/number/145216 996 $6245$aPenisola pentagonale$9(OLS)http://semarc/title/227242 996 $6260$aTorino :$bEDT$9(OLS)http://semarc/publisher/30301 LEADER 00943nam a2200253 i 4500 001 000000085268 003 CaOOAMICUS 005 20180830145956.0 008 180830s1965 xx u000 u und u 013 $a57508 020 $a88-359-2969-5 040 $aSeMil$bita 100 1 $aRestaino, Franco,$d<1938- >.$0(OLS)http://semarc/name/6200 245 10$aDavid Hume 1711-1776. 260 $aRoma :$bEditori Riuniti,$c1965. 300 $a141 p. 490 0 $aLibri di base ;$v104 600 14$aHume, David <1711-1776>.$0(OLS)http://semarc/subject/10792 830 0$aLibri di base ;$v104.$0(OLS)http://semarc/title/6441 850 $aSeMil 852 $aSeMil$W1$xVenegono$y1$m46 8 104 *$j49320$B49320$CSeMilBibl$Z2$F52867 $81 996 $6020$a88-359-2969-5$9(OLS)http://semarc/number/65648 996 $6245$aDavid Hume 1711-1776$9(OLS)http://semarc/title/131847 996 $6260$aRoma :$bEditori Riuniti$9(OLS)http://semarc/publisher/30240